MARC details
| 000 -LEADER |
| fixed length control field |
01920cam a2200505 a 4500 |
| 001 - CONTROL NUMBER |
| control field |
2949771 |
| 005 - DATE AND TIME OF LATEST TRANSACTION |
| control field |
20241220110015.0 |
| 008 - FIXED-LENGTH DATA ELEMENTS--GENERAL INFORMATION |
| fixed length control field |
951002s1963 nyua 000 1 eng d |
| 010 ## - LIBRARY OF CONGRESS CONTROL NUMBER |
| LC control number |
63009810 |
| 020 ## - INTERNATIONAL STANDARD BOOK NUMBER |
| International Standard Book Number |
9780394800295 (trade) : |
| Terms of availability |
$9.99 |
| 020 ## - INTERNATIONAL STANDARD BOOK NUMBER |
| International Standard Book Number |
039480029X (trade) : |
| Terms of availability |
$9.99 |
| 020 ## - INTERNATIONAL STANDARD BOOK NUMBER |
| International Standard Book Number |
9780394900292 (lib. binding) |
| 020 ## - INTERNATIONAL STANDARD BOOK NUMBER |
| International Standard Book Number |
0394900294 (lib. binding) |
| 035 ## - SYSTEM CONTROL NUMBER |
| System control number |
(OCoLC)304373 |
| Canceled/invalid control number |
(OCoLC)470426 |
| -- |
(OCoLC)1184352 |
| -- |
(OCoLC)8989545 |
| -- |
(OCoLC)11697047 |
| -- |
(OCoLC)20729681 |
| -- |
(OCoLC)44059772 |
| -- |
(OCoLC)50545054 |
| -- |
(OCoLC)646848645 |
| 035 ## - SYSTEM CONTROL NUMBER |
| System control number |
(OCoLC)ocm304373 |
| 040 ## - CATALOGING SOURCE |
| Original cataloging agency |
BVD |
| Transcribing agency |
BVD |
| Modifying agency |
MUS |
| -- |
OIP |
| -- |
YDXCP |
| -- |
OCLCG |
| -- |
NIALS |
| -- |
OCLCQ |
| -- |
IGA |
| Description conventions |
rda |
| 050 14 - LIBRARY OF CONGRESS CALL NUMBER |
| Classification number |
PZ8.3 |
| Item number |
.G276 |
| 082 ## - DEWEY DECIMAL CLASSIFICATION NUMBER |
| Classification number |
E |
| 092 ## - LOCALLY ASSIGNED DEWEY CALL NUMBER (OCLC) |
| Classification number |
E |
| 999 ## - SYSTEM CONTROL NUMBERS (KOHA) |
| Koha Dewey Subclass [OBSOLETE] |
E |
| 100 1# - MAIN ENTRY--PERSONAL NAME |
| Personal name |
Seuss, |
| Titles and other words associated with a name |
Dr. |
| 245 10 - TITLE STATEMENT |
| Title |
Hop on Pop / |
| Statement of responsibility, etc |
by Dr. Seuss. |
| 260 ## - PUBLICATION, DISTRIBUTION, ETC. (IMPRINT) |
| Place of publication, distribution, etc |
New York : |
| Name of publisher, distributor, etc |
Beginner Books, |
| Date of publication, distribution, etc |
c1963. |
| 264 #1 - Production, Publication, Distribution, Manufacture, and Copyright Notice. |
| Place of production, publication, distribution, manufacture |
New York : |
| Name of producer, publisher, distributor, manufacturer |
Beginner Books, |
| Date of production, publication, distribution, manufacture, or copyr |
c1963. |
| 300 ## - PHYSICAL DESCRIPTION |
| Extent |
64 p. : |
| Other physical details |
col. ill. ; |
| Dimensions |
24 cm. |
| 336 ## - Content Type |
| Content type term |
text |
| 337 ## - Media type |
| Media type term |
unmediated |
| 338 ## - Carrier type |
| Carrier type term |
volume |
| 490 1# - SERIES STATEMENT |
| Series statement |
I can read it all by myself |
| 500 ## - GENERAL NOTE |
| General note |
"B-29"--Spine. |
| 500 ## - GENERAL NOTE |
| General note |
"Grolier Book Club Edition"--Some copies. |
| 520 ## - SUMMARY, ETC. |
| Summary, etc |
Pairs of rhyming words are introduced and used in simple sentences, such as "Day. Play. We play all day. Night. Fight. We fight all night." |
| 521 1# - TARGET AUDIENCE NOTE |
| Target audience note |
5-8 |
| Source |
Brodart. |
| 521 2# - TARGET AUDIENCE NOTE |
| Target audience note |
K-3 |
| Source |
Brodart. |
| 526 0# - STUDY PROGRAM INFORMATION NOTE |
| Program name |
Accelerated Reader |
| Interest level |
LG |
| Reading level |
1.5 |
| Title point value |
.5. |
| 526 0# - STUDY PROGRAM INFORMATION NOTE |
| Program name |
Reading Counts |
| Interest level |
K-2 |
| Reading level |
1.1 |
| Title point value |
1. |
| 650 #0 - SUBJECT ADDED ENTRY--TOPICAL TERM |
| Topical term or geographic name as entry element |
Stories in rhyme. |
| 650 #0 - SUBJECT ADDED ENTRY--TOPICAL TERM |
| Topical term or geographic name as entry element |
Nonsense verses. |
| 650 #7 - SUBJECT ADDED ENTRY--TOPICAL TERM |
| Topical term or geographic name as entry element |
JUVENILE FICTION / Classics |
| Source of heading or term |
bisacsh |
| 9 (RLIN) |
5728706 |
| 650 #7 - SUBJECT ADDED ENTRY--TOPICAL TERM |
| Topical term or geographic name as entry element |
JUVENILE FICTION / Concepts / Words |
| Source of heading or term |
bisacsh |
| 9 (RLIN) |
5727192 |
| 650 #7 - SUBJECT ADDED ENTRY--TOPICAL TERM |
| Topical term or geographic name as entry element |
JUVENILE FICTION / Family / Parents |
| Source of heading or term |
bisacsh |
| 9 (RLIN) |
5675880 |
| 787 0# - NONSPECIFIC RELATIONSHIP ENTRY |
| Note |
OCLC Work Id |
| Other item identifier |
http://worldcat.org/entity/work/id/1813193233 |
| 830 #0 - SERIES ADDED ENTRY--UNIFORM TITLE |
| Uniform title |
I can read it all by myself. |
| 9 (RLIN) |
20505 |
| 942 ## - ADDED ENTRY ELEMENTS (KOHA) |
| Source of classification or shelving scheme |
Dewey Decimal Classification |
| Koha item type |
BOOK |